الدواء العربي / (رقم التسجيلة. 106205)
[ عرض عادي ]
| 000 -LEADER | |
|---|---|
| fixed length control field | 00498nas a22001577a 4500 |
| 005 - DATE AND TIME OF LATEST TRANSACTION | |
| control field | 20251108173531.0 |
| 008 - FIXED-LENGTH DATA ELEMENTS--GENERAL INFORMATION | |
| fixed length control field | 250721s9999 xx qr 000 0 ara d |
| 082 14 - DEWEY DECIMAL CLASSIFICATION NUMBER | |
| Classification number | م/615.105/دوا |
| 245 10 - TITLE STATEMENT | |
| Title | الدواء العربي / |
| 264 1# - PRODUCTION, PUBLICATION, DISTRIBUTION, MANUFACTURE, AND COPYRIGHT NOTICE | |
| Place of production, publication, distribution, manufacture | عمان : |
| Name of producer, publisher, distributor, manufacturer | الشركة العربية لصناعة المضادات الحيوية و مستلزماتها، |
| 310 ## - CURRENT PUBLICATION FREQUENCY | |
| Current publication frequency | Quarterly |
| 650 17 - SUBJECT ADDED ENTRY--TOPICAL TERM | |
| Topical term or geographic name as entry element | الأدوية |
| 650 17 - SUBJECT ADDED ENTRY--TOPICAL TERM | |
| Topical term or geographic name as entry element | الدوريات العربية |
| 942 ## - ADDED ENTRY ELEMENTS (KOHA) | |
| Source of classification or shelving scheme | Dewey Decimal Classification |
| Koha item type | دوريات |
| حالة السحب | حالة الفقدان | مصدر التصنيف | حالة التلف | غير قابل للإعارة | المكتبة الرئيسية | المكتبة الحالية | موقع الرف | تاريخ التزويد | الترقيم التسلسلي / التسلسل الزمني | الرقم المتسلسل | Total Checkouts | رقم الإستدعاء | الباركود | تاريخ آخر ظهور | تاريخ الفاتورة | نوع المادة (كوها) |
|---|---|---|---|---|---|---|---|---|---|---|---|---|---|---|---|---|
| Dewey Decimal Classification | Not For Loan | المكتبة المركزية | المكتبة المركزية | مراجع | 28/07/2025 | 2002 مج 21 ع42-43 | 1012875 | م/615.105/دوا | 1012875 | 28/07/2025 | 28/07/2025 | دوريات | ||||
| Dewey Decimal Classification | Not For Loan | المكتبة المركزية | المكتبة المركزية | مراجع | 28/07/2025 | 2003 مج 21 ع44\n | 1012876 | م/615.105/دوا | 1012876 | 28/07/2025 | 28/07/2025 | دوريات | ||||
| Dewey Decimal Classification | Not For Loan | المكتبة المركزية | المكتبة المركزية | مراجع | 28/07/2025 | 2004 مج 23 ع46-47\n | 1012877 | م/615.105/دوا | 1012877 | 28/07/2025 | 28/07/2025 | دوريات | ||||
| Dewey Decimal Classification | Not For Loan | المكتبة المركزية | المكتبة المركزية | مراجع | 28/07/2025 | 2005 مج 24 ع48-49\n | 1012878 | م/615.105/دوا | 1012878 | 28/07/2025 | 28/07/2025 | دوريات | ||||
| Dewey Decimal Classification | Not For Loan | المكتبة المركزية | المكتبة المركزية | مراجع | 28/07/2025 | 1012879 | م/615.105/دوا | 1012879 | 28/07/2025 | 28/07/2025 | دوريات |